| 000 | 00000cam 2200000zi 4500 |
| 001 | 9.962661 |
| 003 | CaOODSP |
| 005 | 20260508150833 |
| 006 | m o d f |
| 007 | cr mn||||||||| |
| 008 | 260508e20260430onc ob f000 0 eng d |
| 040 | |aCaOODSP|beng|erda|cCaOODSP |
| 043 | |an-cn--- |
| 086 | 1 |aH113-9/2026-8E-PDF |
| 245 | 00|aGATTEN Fungicide, containing Flutianil. |
| 264 | 1|aOttawa, Ontario : |bPesticides Regulatory Directorate, Healthy Environments and Consumer Safety Branch, Health Canada, |c30 April 2026. |
| 264 | 4|c©2026 |
| 300 | |a1 online resource (26 pages). |
| 336 | |atext|btxt|2rdacontent |
| 337 | |acomputer|bc|2rdamedia |
| 338 | |aonline resource|bcr|2rdacarrier |
| 490 | 1 |aProposed registration decision, |x1925-0886 ; |vPRD2026-08 |
| 500 | |aCover title. |
| 500 | |aSummary issued also in HTML format. |
| 500 | |aIssued also in French under title: Fongicide GATTEN contenant du flutianile. |
| 504 | |aIncludes bibliographical references (pages 25-26). |
| 520 | |a"Health Canada, pursuant to subsection 28(1) of the Pest Control Products Act, is proposing registration for the sale and use of GATTEN Fungicide, containing the technical grade active ingredient flutianil, to control powdery mildew species on greenhouse vegetables (pepper, eggplant, cucumber and tomato) and greenhouse ornamentals. This evaluation was completed under the User Requested Minor Use Label Expansion program, which is a cooperative program between Agriculture and Agri-Food Canada and Health Canada and includes participation by sponsor groups, manufacturers, and both provincial and federal governments"--Overview, page 1. |
| 650 | 0|aFungicides|xCertification|zCanada. |
| 650 | 0|aFungicides|xToxicology. |
| 650 | 0|aFungicides|xEnvironmental aspects. |
| 710 | 1 |aCanada. |bHealthy Environments and Consumer Safety Branch, |eissuing body. |
| 775 | 08|tFongicide GATTEN contenant du flutianile.|w(CaOODSP)9.962662 |
| 830 | #0|aProposed registration decision,|x1925-0886 ; |vPRD2026-08.|w(CaOODSP)9.504464 |
| 856 | 40|qPDF|s605 KB|uhttps://publications.gc.ca/collections/collection_2026/sc-hc/h113-9/H113-9-2026-8-eng.pdf|zReport |
| 856 | 4 |qHTML|sN/A|uhttps://www.canada.ca/en/health-canada/services/consumer-product-safety/pesticides-pest-management/public/consultations/proposed-registration-decisions/2026/gattent-fungicide-containing-flutianil/document.html|zSummary |